00443nam a22001217a 450000500170000002000220001708200150003910000510005424501150010526000360022030000140025670000510027020251022123850.0 a978-1-032-70653-5 a628.52 KAT aKataria,Navish and Garg,Vinod Kumar (et al) Ed aMicroplastic Pollution:Occurance,Health Risk and Challenges/cby Navish Kataria and Vinod Kumar Garg (et al)Ed a.-Boca Ratonb:CRC Pressc,2025 axxi,336p. aKataria,Navish and Garg,Vinod Kumar (et al) Ed